[Event "HUN-chT2 Toth 2223"]
[Site "Hungary"]
[Date "2023.01.29"]
[Round "6.10"]
[White "Kopias, Ferenc"]
[Black "Illes, David Mark"]
[Result "0-1"]
[WhiteElo "1718"]
[BlackElo "1849"]
[PlyCount "68"]
[EventDate "2022.10.16"]
[EventType "team-tourn"]
[EventRounds "11"]
[EventCountry "HUN"]
[SourceTitle "EXT 2025"]
[Source "ChessBase"]
[SourceDate "2024.10.14"]
[SourceVersion "1"]
[SourceVersionDate "2024.10.14"]
[SourceQuality "1"]
[WhiteTeam "Mako Duocor II"]
[BlackTeam "Kumania Kisujszallas"]
[WhiteTeamCountry "HUN"]
[BlackTeamCountry "HUN"]

1. Nf3 e6 2. d4 f5 3. g3 Nf6 4. c4 d5 5. Bg2 c6 6. cxd5 exd5 7. 0-0 Bd6 8. Nc3 0-0 9. a3 Ne4 10. e3 Nd7 11. Nd2 Ndf6 12. f3 Nxc3 13. bxc3 h5 14. e4 fxe4 15. fxe4 Ng4 16. Rxf8+ Qxf8 17. Qe2 dxe4 18. Nxe4 Bf5 19. Qc4+ Kh8 20. Nxd6 Qxd6 21. Bf4 Qe7 22. Bf3 Re8 23. Bxg4 Bxg4 24. Be5 Qg5 25. Re1 Rf8 26. Qb4 Rf7 27. Qb2 Bh3 28. Qc1 Qf5 29. Bf4 g5 30. Re5 Qd3 31. Rxg5 Qf3 32. Be5+ Kh7 33. Qc2+ Bf5 34. Qa2 Be4 0-1

[Event "HUN-chT2 Toth 2223"]
[Site "Hungary"]
[Date "2022.10.16"]
[Round "1.10"]
[White "Farkas, Lorinc"]
[Black "Illes, David Mark"]
[Result "0-1"]
[WhiteElo "1682"]
[BlackElo "1848"]
[PlyCount "54"]
[EventDate "2022.10.16"]
[EventType "team-tourn"]
[EventRounds "11"]
[EventCountry "HUN"]
[SourceTitle "EXT 2025"]
[Source "ChessBase"]
[SourceDate "2024.10.14"]
[SourceVersion "1"]
[SourceVersionDate "2024.10.14"]
[SourceQuality "1"]
[WhiteTeam "Gyula"]
[BlackTeam "Kumania Kisujszallas"]
[WhiteTeamCountry "HUN"]
[BlackTeamCountry "HUN"]

1. Nf3 e6 2. d3 d5 3. g3 Nf6 4. Bg2 Bd6 5. Nbd2 c6 6. 0-0 0-0 7. e4 e5 8. Re1 Re8 9. c3 Nbd7 10. Qc2 Qb6 11. a4 a5 12. Rb1 Ng4 13. Nf1 Nc5 14. Ne3 Nf6 15. Nd2 Be6 16. b4 axb4 17. cxb4 Nxa4 18. Ra1 Qa6 19. Ba3 b5 20. Nb3 Qb6 21. exd5 cxd5 22. Nxd5 Bxd5 23. Bxd5 Nxd5 24. d4 exd4 25. Rxe8+ Rxe8 26. Rd1 Nac3 27. Rxd4 Ne2+ 0-1

[Event "HUN-chT2 Toth 2122"]
[Site "Hungary"]
[Date "2022.02.27"]
[Round "7.10"]
[White "Illes, David Mark"]
[Black "Bartha, Levente"]
[Result "1/2-1/2"]
[WhiteElo "1860"]
[BlackElo "1665"]
[PlyCount "64"]
[EventDate "2021.10.10"]
[EventType "team-tourn"]
[EventRounds "9"]
[EventCountry "HUN"]
[SourceTitle "EXT 2025"]
[Source "ChessBase"]
[SourceDate "2024.10.14"]
[SourceVersion "1"]
[SourceVersionDate "2024.10.14"]
[SourceQuality "1"]
[WhiteTeam "Kisujszallas"]
[BlackTeam "Szentes Integral"]
[WhiteTeamCountry "HUN"]
[BlackTeamCountry "HUN"]

1. e4 c5 2. Nf3 e6 3. d4 cxd4 4. Nxd4 Nf6 5. Nc3 Nc6 6. a3 d5 7. Bb5 Qc7 8. exd5 exd5 9. Bg5 Be7 10. Bxf6 Bxf6 11. Nxd5 Qe5+ 12. Qe2 0-0 13. Qxe5 Bxe5 14. Nxc6 bxc6 15. Bxc6 Rb8 16. 0-0 Bxb2 17. Rab1 Be6 18. a4 Bxd5 19. Bxd5 Bc3 20. Rb3 Rxb3 21. cxb3 a5 22. Rd1 Re8 23. Kf1 Kf8 24. g3 f6 25. Bc4 Re7 26. Rd8+ Re8 27. Rxe8+ Kxe8 28. Ke2 g5 29. Kd3 Bb4 30. Ke4 Kf8 31. Kf5 Kg7 32. f3 h6 1/2-1/2

[Event "HUN-chT2 Toth 1819"]
[Site "Hungary"]
[Date "2018.12.02"]
[Round "5.4"]
[White "Illes, David Mark"]
[Black "Gombos, Janos"]
[Result "1/2-1/2"]
[WhiteElo "1923"]
[BlackElo "1964"]
[PlyCount "86"]
[EventDate "2018.09.23"]
[EventType "team-tourn"]
[EventRounds "11"]
[EventCountry "HUN"]
[SourceTitle "EXT 2021"]
[Source "ChessBase"]
[SourceDate "2020.10.23"]
[SourceVersion "1"]
[SourceVersionDate "2020.10.23"]
[SourceQuality "1"]
[WhiteTeam "Karcag"]
[BlackTeam "Gyula"]
[WhiteTeamCountry "HUN"]
[BlackTeamCountry "HUN"]

1. e4 d5 2. exd5 Qxd5 3. Nc3 Qa5 4. d4 Nf6 5. Bd3 Nc6 6. Nge2 Bg4 7. f3 Bd7 8. 0-0 e5 9. Qe1 0-0-0 10. dxe5 Nxe5 11. Be4 Qc5+ 12. Kh1 Nxe4 13. fxe4 Bd6 14. Ng3 Ng4 15. h3 h5 16. Bf4 Bxf4 17. Rxf4 f6 18. Qg1 Qxg1+ 19. Kxg1 Ne5 20. Nf5 Bxf5 21. exf5 Rd2 22. Rf2 Rhd8 23. Ne4 Rxf2 24. Kxf2 Nc4 25. b3 Na3 26. Rc1 Re8 27. Ng3 Re5 28. h4 Nb5 29. Re1 Rc5 30. c4 Nd6 31. Kg1 a5 32. Re7 Nxf5 33. Nxf5 Rxf5 34. Rxg7 a4 35. Rf7 b6 36. Re7 Kb7 37. Re2 axb3 38. axb3 Kc6 39. Rf2 Rxf2 40. Kxf2 Kd6 41. Kf3 Ke5 42. g4 hxg4+ 43. Kxg4 Ke4 1/2-1/2

[Event "HUN-chT2 Toth 1718"]
[Site "Hungary"]
[Date "2018.02.18"]
[Round "8.10"]
[White "Biro, Istvan1"]
[Black "Illes, David Mark"]
[Result "1/2-1/2"]
[WhiteElo "1970"]
[BlackElo "1790"]
[PlyCount "92"]
[EventDate "2017.09.24"]
[EventType "team-tourn"]
[EventRounds "11"]
[EventCountry "HUN"]
[SourceTitle "EXT 2021"]
[Source "ChessBase"]
[SourceDate "2020.10.23"]
[SourceVersion "1"]
[SourceVersionDate "2020.10.23"]
[SourceQuality "1"]
[WhiteTeam "Oroshaza"]
[BlackTeam "Karcag"]
[WhiteTeamCountry "HUN"]
[BlackTeamCountry "HUN"]

1. d4 Nf6 2. c4 g6 3. Nc3 d5 4. Bf4 c6 5. e3 Bg7 6. Nf3 0-0 7. h3 Nbd7 8. Be2 dxc4 9. Bxc4 Nb6 10. Bb3 Nbd5 11. Be5 Nxc3 12. bxc3 Ne4 13. Bxg7 Kxg7 14. Qc2 Nf6 15. 0-0 Bf5 16. Qb2 Qb6 17. Ne5 Nd7 18. Nxd7 Bxd7 19. c4 Kg8 20. c5 Qc7 21. Rfc1 Rae8 22. Rab1 Bf5 23. Bc2 Bxc2 24. Rxc2 Rb8 25. Qa3 b6 26. cxb6 Rxb6 27. Rbc1 e6 28. Qa4 Rc8 29. e4 Qd7 30. Rc5 Rc7 31. Qc4 Rcb7 32. a3 Rb1 33. Rxc6 Rxc1+ 34. Qxc1 Qxd4 35. Rxe6 Rb2 36. Re8+ Kg7 37. Qf4 Rb6 38. Re7 Rf6 39. Qg3 Qd1+ 40. Kh2 Qd4 41. f3 Rb6 42. Qf4 Rf6 43. Qc7 Rxf3 44. gxf3 Qf2+ 45. Kh1 Qf1+ 46. Kh2 Qf2+ 1/2-1/2

[Event "HUN-chT2 Toth 1718"]
[Site "Hungary"]
[Date "2017.10.08"]
[Round "2.9"]
[White "Illes, David Mark"]
[Black "Marjanovic, Gyorgy"]
[Result "0-1"]
[WhiteElo "1790"]
[BlackElo "1990"]
[PlyCount "46"]
[EventDate "2017.09.24"]
[EventType "team-tourn"]
[EventRounds "11"]
[EventCountry "HUN"]
[SourceTitle "EXT 2021"]
[Source "ChessBase"]
[SourceDate "2020.10.23"]
[SourceVersion "1"]
[SourceVersionDate "2020.10.23"]
[SourceQuality "1"]
[WhiteTeam "Karcag"]
[BlackTeam "Szeged Maroczy II"]
[WhiteTeamCountry "HUN"]
[BlackTeamCountry "HUN"]

1. d4 d5 2. Nf3 Nf6 3. Bf4 c5 4. c3 Nc6 5. e3 Qb6 6. Qc2 g6 7. Nbd2 Bg7 8. h3 0-0 9. Be2 Bf5 10. Qb3 c4 11. Qa3 Rfe8 12. b3 cxb3 13. axb3 Ne4 14. Rc1 Nxd2 15. Nxd2 e5 16. Bh2 exd4 17. cxd4 Nxd4 18. Bd1 Bf8 19. Qb2 Bd3 20. Bc7 Qf6 21. Qa1 Bb4 22. Ba5 Rxe3+ 23. fxe3 Qh4+ 0-1

[Event "HUN-chT2 Toth 1617"]
[Site "Hungary"]
[Date "2016.11.27"]
[Round "5.11"]
[White "Illes, David Mark"]
[Black "Koszta, Benedek"]
[Result "1/2-1/2"]
[WhiteElo "1711"]
[BlackElo "1719"]
[PlyCount "84"]
[EventDate "2016.09.25"]
[EventType "team-tourn"]
[EventRounds "11"]
[EventCountry "HUN"]
[SourceTitle "EXT 2021"]
[Source "ChessBase"]
[SourceDate "2020.10.23"]
[SourceVersion "1"]
[SourceVersionDate "2020.10.23"]
[SourceQuality "1"]
[WhiteTeam "Karcag"]
[BlackTeam "Szeged Maroczy II"]
[WhiteTeamCountry "HUN"]
[BlackTeamCountry "HUN"]

1. e4 c5 2. Nf3 d6 3. d4 cxd4 4. Nxd4 Nf6 5. Nc3 a6 6. a4 e5 7. Nf3 Be6 8. Bd3 Be7 9. Qe2 Nc6 10. Bc4 0-0 11. h3 Rc8 12. Bd5 Bxd5 13. Nxd5 Nxd5 14. exd5 Qa5+ 15. Qd2 Qxd2+ 16. Bxd2 e4 17. dxc6 exf3 18. cxb7 fxg2 19. Rg1 Rxc2 20. Bc3 Bf6 21. Bxf6 gxf6 22. Rxg2+ Kh8 23. Rb1 Rb8 24. Kd1 Rc7 25. Rg3 Rcxb7 26. Kc2 Re7 27. Kd2 Rbe8 28. Rg2 a5 29. b3 Re4 30. Rbg1 Rb4 31. Rg3 Reb8 32. Kc2 Rf4 33. R1g2 h5 34. Rd3 Rg8 35. Rdg3 Rd8 36. Kd2 d5 37. Ke3 Rb4 38. Kd2 Rf4 39. Kd3 Rb4 40. Kd2 Rf4 41. Ke3 Rb4 42. Kd2 Re4 1/2-1/2

[Event "HUN-chT2 Toth 1617"]
[Site "Hungary"]
[Date "2016.11.13"]
[Round "4.11"]
[White "Hideg, Ferenc Bendeguz"]
[Black "Illes, David Mark"]
[Result "1/2-1/2"]
[WhiteElo "1532"]
[BlackElo "1711"]
[PlyCount "101"]
[EventDate "2016.09.25"]
[EventType "team-tourn"]
[EventRounds "11"]
[EventCountry "HUN"]
[SourceTitle "EXT 2021"]
[Source "ChessBase"]
[SourceDate "2020.10.23"]
[SourceVersion "1"]
[SourceVersionDate "2020.10.23"]
[SourceQuality "1"]
[WhiteTeam "Felegyhaza Csongrad"]
[BlackTeam "Karcag"]
[WhiteTeamCountry "HUN"]
[BlackTeamCountry "HUN"]

1. d4 Nf6 2. Nf3 g6 3. Bf4 d6 4. c4 Bg7 5. Nc3 0-0 6. e3 Nh5 7. Bg3 Nxg3 8. hxg3 Nd7 9. Be2 e5 10. 0-0 f5 11. Qb3 Kh8 12. Rad1 b6 13. Nd2 exd4 14. exd4 Bxd4 15. Bf3 Rb8 16. Nb5 Bg7 17. Nxa7 Bb7 18. Nc6 Bxc6 19. Bxc6 Ne5 20. Bf3 Qf6 21. Rb1 Rbe8 22. Qc2 Re7 23. b3 Nxf3+ 24. Nxf3 Rfe8 25. Rfe1 Kg8 26. Rxe7 Rxe7 27. Qd2 h6 28. Re1 Rxe1+ 29. Qxe1 Qa1 30. Qxa1 Bxa1 31. Kf1 Bf6 32. Ke2 Kf7 33. Ke3 Ke6 34. Nd4+ Bxd4+ 35. Kxd4 c5+ 36. Ke3 Kd7 37. Kd3 Kc6 38. f4 Kd7 39. Ke3 Ke6 40. Kd3 d5 41. Ke3 d4+ 42. Kd3 Kd6 43. a3 Kc6 44. b4 Kb7 45. b5 Kc7 46. a4 Kb7 47. Ke2 Kc7 48. Kd3 Kd6 49. Ke2 Kc7 50. Kd3 Kb7 51. Ke2 1/2-1/2